[Event "European Blitz-ch 2018"]
[Site "Skopje"]
[Date "2018.12.06"]
[Round "5"]
[White "Artemiev, Vladislav"]
[Black "Zajic, Milan"]
[Result "1-0"]
[WhiteElo "2709"]
[BlackElo "2488"]
[Annotator "TA"]
[PlyCount "55"]
[EventDate "2018.12.06"]
[EventType "swiss"]
[EventCountry "MKD"]

{[%evp 9,55,10,30,13,6,10,20,18,18,18,6,-16,36,26,43,47,65,35,79,55,56,59,104,62,59,41,45,23,75,61,97,71,152,144,131,133,156,156,354,346,339,259,596,607,5787,5800,2457,2045]} 1. c4 e6 2. Nf3 d5 3. e3 Nf6 4. Nc3 a6 (4... dxc4 5. Bxc4 a6 6. O-O b5 7. Bb3 Bb7 8. d4 Nbd7 9. Qe2 c5 10. Rd1 Qb8 11. e4 cxd4 12. Nxd4 Bd6 13. g3 O-O 14. f3 Rc8 15. Be3 Nf8 16. Rac1 h5 17. Qd2 Rd8 18. Nce2 h4 19. Bg5 hxg3 20. Bxf6 gxf6 21. Qh6 {1-0 (31) Svidler,P (2756)-Shankland,S (2722) Hoogeveen 2018}) 5. b3 Be7 6. Bb2 {A17: English Opening: 1...Nf6 with ...Bb4} O-O 7. Be2 dxc4 $146 ({Predecessor:} 7... b6 8. O-O Bb7 9. Qc2 c5 10. cxd5 Nxd5 11. Nxd5 Qxd5 12. d4 Nc6 13. dxc5 Qxc5 14. Qe4 {½-½ (27) Giacopelli,V-Brix,H DESC email 2002}) 8. bxc4 {The position is equal.} b6 9. Qc2 Bb7 10. Rg1 c5 (10... Nc6 $11) 11. g4 $14 {[%cal Bg2g4,Bg4g5][%mdl 32]} Nc6 12. g5 Nd7 {[%cal Bf6d7,Bd7e5,Be5f3][%mdl 32]} 13. a3 Nde5 14. Ne4 Nxf3+ $1 15. Bxf3 Kh8 16. Rg3 e5 17. Rh3 $40 {[%mdl 128] Intending Nf6! and mate. White mounts an attack.} g6 18. Rg3 Qc7 (18... f5 $11 19. gxf6 Bxf6) 19. h4 {[%cal Bh2h4,Bh4h5][%mdl 32]} Rad8 20. h5 Bc8 {[#]} ({Black should try} 20... b5) 21. Nc3 $1 $16 {[%cal Be4c3,Bc3d5,Bd5f4,Bf4g6][%mdl 32]} Bf5 {[#]} 22. Be4 $1 Bxe4 23. Qxe4 Rfe8 $2 (23... Qd6 $16 24. Nd5 Kg8) 24. Nd5 $18 Qd6 25. Rh3 Qe6 $2 (25... Rd7 {is a better chance.} 26. hxg6 fxg6) 26. Nf4 {White is clearly winning.} Qd6 27. hxg6 fxg6 28. Nxg6+ {[%mdl 64] Double Attack. Accuracy: White = 65%, Black = 24%.} 1-0

[Event "European Blitz-ch 2018"]
[Site "Skopje"]
[Date "2018.12.06"]
[Round "5"]
[White "Laznicka, Viktor"]
[Black "Putka, Verners"]
[Result "0-1"]
[WhiteElo "2675"]
[BlackElo "2307"]
[Annotator "TA"]
[PlyCount "88"]
[EventDate "2018.12.06"]
[EventType "swiss"]
[EventCountry "MKD"]

{[%evp 11,88,37,42,37,33,42,46,26,48,51,49,55,52,46,35,42,58,40,61,61,63,62,52,17,17,26,62,71,72,72,200,115,130,127,108,114,801,793,754,93,111,103,666,664,652,638,583,569,523,727,688,689,688,686,657,643,729,716,9949,717,695,661,645,629,561,-29985,-29986,-29986,-29986,-29987,-29988,-29988,-29987,-29987,-29988,-29988,-29989,-29989,-29990]} 1. d4 Nf6 2. Nf3 c5 3. d5 e6 4. Nc3 d6 5. e4 Be7 (5... e5 6. Bb5+ Nbd7 7. a4 Be7 8. O-O O-O 9. a5 Ne8 10. a6 Nc7 11. axb7 Bxb7 12. Bd3 Nb6 13. Nd2 Bg5 {1-0 (40) Mirzoev,A (2525)-Kriebel,T (2484) Konya 2016}) 6. Bb5+ {A43: Schmid Benoni} Bd7 {LiveBook: 6 Games} 7. Bxd7+ Qxd7 8. O-O {White is slightly better.} O-O 9. dxe6 Qxe6 $146 ({Predecessor:} 9... fxe6 10. e5 Ne8 11. exd6 Bxd6 {1-0 (60) Flindt,T (2171)-Caceres,C (1864) Esbjerg 2005}) 10. Bg5 h6 11. Bxf6 Bxf6 12. Nd5 Rc8 13. c3 Nd7 14. Qd3 c4 15. Qe3 Nc5 16. Rfe1 b5 17. Nd4 Bxd4 $1 18. Qxd4 Kf8 19. f4 Nd3 20. Re3 Rc6 {[#]} (20... f6 $16) 21. Rg3 (21. a4 $1 $18) 21... f6 $16 22. a4 $36 {[%mdl 2048] White is in control.} bxa4 23. Rxa4 Nxb2 $2 {[%mdl 8192]} (23... Qf7 $16) 24. Rxa7 $18 Ra6 {[#]} 25. Rxa8+ $2 (25. Nc7 $1 $18 {[%cal Rc7e6] and the rest is easy.} Ra1+ 26. Kf2) 25... Rxa8 $16 26. h3 Re8 $2 {[%mdl 8192]} (26... Nd3 $16) 27. Nc7 $18 Qxe4 28. Qxd6+ Re7 29. Nd5 Qe6 30. Qxe7+ Qxe7 31. Nxe7 Kxe7 32. Rxg7+ {[%mdl 4096] Endgame KR-KN} Ke6 33. Rc7 Kd5 34. Rh7 Nd1 35. Rxh6 (35. Rd7+ $142 Ke6 36. Rxd1) 35... Nxc3 36. Rh5+ Kd4 {intending ...Ne4.} 37. Kf2 Ne4+ 38. Ke2 $4 {[%mdl 8192]} (38. Kf3 $18 c3 39. Rh8 Nd2+ 40. Ke2) 38... Ng3+ {[%mdl 64] Double Attack. Black mates.} 39. Kd2 Nxh5 40. f5 Ng3 41. Kc2 Nxf5 42. g4 Nh4 43. Kd2 c3+ 44. Kc2 Kc4 {Accuracy: White = 62%, Black = 42%.} 0-1

[Event "European Blitz-ch 2018"]
[Site "Skopje"]
[Date "2018.12.06"]
[Round "5"]
[White "Guseinov, Gadir"]
[Black "Stojanovski, Dejan"]
[Result "1-0"]
[WhiteElo "2664"]
[BlackElo "2430"]
[Annotator "TA"]
[PlyCount "65"]
[EventDate "2018.12.06"]
[EventType "swiss"]
[EventCountry "MKD"]

{[%evp 25,65,12,9,17,24,22,43,47,64,14,73,0,0,7,63,49,130,108,120,99,89,93,152,146,147,149,138,136,180,131,145,86,137,139,351,349,339,336,712,712,697,655]} 1. e4 c5 2. Nc3 Nc6 3. Nf3 g6 4. Bb5 Bg7 5. O-O Nf6 {[%cal Bg8f6,Bf6e8,Be8c7][%mdl 32]} 6. h3 O-O 7. e5 Ne8 8. Re1 Nc7 9. Bxc6 dxc6 10. d3 Ne6 11. Ne4 b6 12. Be3 {B31: Sicilian: 2...Nc6 3 Bb5 g6} (12. b3 Nd4 13. Bb2 f5 14. Ned2 Ne6 15. a4 Qd5 16. a5 b5 17. Qe2 Rd8 18. Qe3 a6 19. Rad1 Bb7 20. h4 h6 21. Nf1 {0-1 (34) Kryvoruchko,Y (2707)-Al Modiahki,M (2549) Dubai 2014}) 12... f5 13. exf6 exf6 {LiveBook: 3 Games} 14. Qc1 {The position is equal.} f5 15. Neg5 Nc7 {Strongly threatening ...h6.} 16. h4 $146 ({Predecessor:} 16. Bf4 h6 17. Bxc7 Qxc7 18. Ne6 Bxe6 19. Rxe6 Kf7 {½-½ (31) Gatus,E-So,W (2577) Manila 2008}) 16... Nd5 17. Bd2 (17. Bf4 $5) 17... h6 (17... f4 $11) 18. Ne6 (18. Nh3 $16) 18... Bxe6 $1 $11 19. Rxe6 {[%mdl 64] [#] Double Attack} Rf6 (19... Kh7 $11) 20. Re2 $36 {[%mdl 2048] White is more active.} f4 (20... Qf8 $14) 21. c4 $16 Nb4 22. Bxb4 cxb4 23. d4 Qd6 (23... g5 $142) 24. Qc2 Re6 25. Rxe6 Qxe6 26. Re1 Qf6 27. Ne5 Re8 {[#]} 28. c5 ({White should play} 28. Qe4 $1) 28... bxc5 (28... Re6 $142) 29. Qxc5 Qxh4 $2 (29... Kh7 $16 {was called for.} 30. h5 (30. Qxb4 Qxh4 31. Qc5 Qf6 $16) (30. Qxa7 Re6 $16) 30... gxh5) 30. Qc4+ $18 ({Less strong is} 30. Qxa7 Qe7 $14) ({Resist} 30. Qxc6 Re7 $18) ({Not} 30. Qxb4 Qe7 $14) 30... Kh7 31. Qxc6 Qe7 $2 (31... Rf8 32. Qxg6+ Kh8) 32. Qxg6+ Kg8 33. Nf3 {Accuracy: White = 80%, Black = 25%.} 1-0

[Event "European Blitz-ch 2018"]
[Site "Skopje"]
[Date "2018.12.06"]
[Round "5"]
[White "Anton Guijarro, David"]
[Black "Van Foreest, Lucas"]
[Result "1-0"]
[WhiteElo "2642"]
[BlackElo "2500"]
[Annotator "TA"]
[PlyCount "57"]
[EventDate "2018.12.06"]
[EventType "swiss"]
[EventCountry "MKD"]

{[%evp 24,57,38,18,21,23,28,28,66,30,43,41,52,41,48,45,61,51,112,105,144,119,328,304,361,343,372,300,300,277,742,593,580,546,567,561]} 1. Nf3 Nf6 2. b3 b6 3. g3 g6 4. Bb2 Bb7 5. Bg2 Bg7 6. c4 O-O 7. O-O c5 8. d4 cxd4 9. Qxd4 d6 {A30: Symmetrical English: Double Fianchetto and Hedgehog} 10. Rd1 (10. Nc3 Nbd7 11. Rac1 Rc8 12. Rfd1 Rc5 13. Ne1 Bxg2 14. Nxg2 Re8 15. Nd5 b5 16. Nge3 bxc4 17. Rxc4 Qb8 18. Rxc5 Nxc5 19. Nxf6+ Bxf6 20. Qd2 Bxb2 21. Qxb2 {1-0 (48) Bu,X (2725)-Dubov,D (2696) Liaocheng 2018}) 10... Nbd7 11. Ne1 {[%cal Bf3e1,Be1g2,Bg2e3,Be3d5][%mdl 32]} Qc7 $146 ({Predecessor:} 11... Bxg2 12. Nxg2 Ne8 13. Qd2 Bxb2 14. Qxb2 Nef6 15. Nc3 Qc7 16. Ne3 Rfe8 17. Ncd5 {½-½ (33) Schuh,D (2372)-Woellermann,J (2370) Werther 2016}) 12. Nc3 Bxg2 13. Nxg2 {LiveBook: 3 Games} Qb7 14. Nd5 Rfe8 15. Nge3 Nh5 16. Qd2 (16. Qe4 {with more complications.} Rab8 17. Bxg7 Kxg7 18. Qd4+ Nhf6 19. g4) 16... Bxb2 17. Qxb2 Nhf6 18. Rd4 Rad8 19. Rad1 Nxd5 20. Nxd5 Nf8 (20... f6 $14) 21. Qd2 $16 Ne6 22. Rh4 h5 $2 {[#]} (22... Nf8 $16 23. Qh6 Rc8) 23. Qh6 $18 Ng7 24. g4 Qc8 25. e4 Qe6 26. gxh5 Nxh5 $2 (26... gxh5 27. Qe3 Qe5) 27. Nf4 {White is clearly winning.} Qf6 {[#]} 28. Nxh5 $1 {[%mdl 512]} gxh5 29. Qxh5 {Accuracy: White = 90%, Black = 30%.} 1-0

[Event "European Blitz-ch 2018"]
[Site "Skopje"]
[Date "2018.12.06"]
[Round "5"]
[White "Fridman, Daniel"]
[Black "Moroni, Luca Jr"]
[Result "1-0"]
[WhiteElo "2633"]
[BlackElo "2564"]
[Annotator "TA"]
[PlyCount "74"]
[EventDate "2018.12.06"]
[EventType "swiss"]
[EventCountry "MKD"]

{[%evp 18,74,-8,-28,0,0,8,-7,18,16,11,0,24,0,20,17,29,29,9,22,26,8,35,18,28,27,75,24,43,28,36,10,10,10,10,10,10,0,0,0,2,0,13,5,18,7,8,4,12,7,6,6,6,4,4,0,0,0,5]} 1. Nf3 d5 2. d4 e6 3. c4 a6 4. e3 Nf6 5. Nbd2 (5. b3 c5 6. Bb2 cxd4 7. exd4 Bb4+ 8. Nbd2 O-O 9. a3 Bxd2+ 10. Qxd2 dxc4 11. bxc4 b5 12. cxb5 axb5 {½-½ (81) Bacrot,E (2678)-Bluebaum,M (2618) Batumi 2018}) 5... c5 6. cxd5 {D30: Queen's Gambit Declined: Systems without Nc3} exd5 7. dxc5 Bxc5 8. Be2 Nc6 9. O-O O-O 10. a3 {LiveBook: 6 Games} Re8 $146 ({Predecessor:} 10... Bg4 11. b4 Ba7 12. Bb2 Re8 {½-½ (36) Macias Murillo,B (2363)-Robson,R (2527) Montevideo 2009}) 11. b4 Ba7 12. Nb3 Bg4 13. Bb2 Ne4 14. h3 Be6 15. Nbd4 Qd6 16. Nxc6 bxc6 17. Bd4 a5 18. Bxa7 Rxa7 19. Qd4 Rea8 20. Rad1 {Hoping for Qxe4!} axb4 21. axb4 {Strongly threatening Qxe4!} Ra2 {[#]} 22. Bd3 (22. Qxe4 $1 $16 {[%mdl 512]} Rxe2 (22... dxe4 23. Rxd6) 23. Qe5 Qxe5 24. Nxe5) 22... Nf6 23. Rc1 R2a4 24. Qc5 Qxc5 {The position is equal.} 25. Rxc5 Bd7 26. Ne5 Rxb4 27. Nxc6 Bxc6 28. Rxc6 Kf8 29. Rd1 Rba4 30. Rcc1 Rb8 31. Rd2 Rab4 32. Kf1 Rb2 33. Rxb2 (33. Rc8+ {is more complex.} Ke7 34. Rc7+ Ke6 35. Rd1 Ra2 36. Rdc1) 33... Rxb2 34. g4 h6 35. Kg2 Rd2 36. Bc2 d4 {Threatens to win with ...dxe3.} 37. exd4 Rxd4 {[%mdl 32768] Accuracy: White = 47%, Black = 44%. . Loss on time!?} 1-0

[Event "European Blitz-ch 2018"]
[Site "Skopje"]
[Date "2018.12.06"]
[Round "5"]
[White "Salgado Lopez, Ivan"]
[Black "Jacimovic, Dragoljub"]
[Result "1-0"]
[WhiteElo "2629"]
[BlackElo "2398"]
[Annotator "TA"]
[PlyCount "58"]
[EventDate "2018.12.06"]
[EventType "swiss"]
[EventCountry "MKD"]

{[%evp 17,58,25,67,0,0,-2,-2,-29,0,-15,0,12,0,17,7,0,110,-82,-81,-183,-186,-180,-142,-135,-38,-101,-92,-87,-20,-41,0,-124,0,-195,-139,-215,0,0,0,-147,-145,-257,232]} 1. e4 e6 2. d4 d5 3. Nc3 Bb4 4. e5 c5 5. a3 Bxc3+ 6. bxc3 Ne7 7. Qg4 O-O 8. Bd3 Qa5 9. Bd2 Nbc6 {LiveBook: 154 Games. C18: French: 3 Nc3 Bb4: Main line: 7 h4 and 7 Qg4} 10. Qh3 $146 ({White should try} 10. Nf3 $14) ({Predecessor:} 10. Nf3 f5 11. exf6 Rxf6 12. Qh5 Nf5 13. Ne5 c4 14. Bxf5 Rxf5 15. Qe8+ Rf8 16. Nxc6 bxc6 17. Qxc6 Rb8 18. O-O {0-1 (58) Topalov,V (2735)-Ponomariov,R (2718) Leon 2003}) 10... Ng6 $11 11. Nf3 c4 {The position is equal.} 12. Be2 (12. Bxg6 {feels hotter.} fxg6 13. O-O Qa4 14. Ra2 b6 15. Rb1) 12... f6 13. Qg3 Bd7 14. h4 fxe5 15. h5 Nf4 16. Bd1 e4 (16... exd4 $1 $11 17. cxd4 Nd3+ $1 {[%mdl 512]} 18. cxd3 c3) 17. Ng5 $2 (17. Ne5 $16 {keeps the pressure on.}) 17... h6 $36 {[%mdl 2048] White is under strong pressure.} 18. Nh3 (18. Rb1 $17 {was the only chance.} Qc7 19. Bxf4 Qxf4 20. Qxf4 Rxf4 21. Rxb7) 18... e5 $19 19. dxe5 Bxh3 20. gxh3 Rf5 (20... Nxe5 $6 21. Kf1 $11) (20... e3 $1 $17 {[%cal Re3d2]} 21. fxe3 Ne6) 21. Bg4 ({Better is} 21. Bxf4 $15 Rxf4 22. Rb1) 21... Nxh5 $17 22. Qh4 Nf4 (22... Rxe5 $17 {Hoping for ...Nf6.} 23. Bxh5 d4 24. cxd4 Rxh5 25. Qxe4 c3) 23. Qg3 $11 Nh5 (23... Rf7 $15 24. e6 (24. Bxf4 Rxf4 25. Qxf4 Qxc3+ {[%mdl 64] Double Attack} 26. Kf1 Qxa1+ 27. Kg2 Qxa3 $17) 24... Rf6) 24. Qh4 $1 $17 Nf4 (24... Rxe5 $17 {Threatens to win with ...Nf6.} 25. Bxh5 d4 26. cxd4 Rxh5 27. Qxe4 c3) 25. Rg1 $2 (25. Qg3 $11 {and White has nothing to worry.} Rff8 26. Rb1 (26. Bxf4 Rxf4 27. Qxf4 Qxc3+ {[%mdl 64] Double Attack} 28. Kf1 Qxa1+ 29. Kg2 Qxa3 $17)) 25... Nxe5 (25... Ng6 $19 26. Qg3 Rxe5) 26. Qg3 {[#]} Rf6 $2 (26... Nfd3+ $1 $19 {[%mdl 512]} 27. cxd3 Nxd3+ {[%mdl 64] Double Attack} 28. Kd1 Qa4+ 29. Ke2 Rxf2+ 30. Ke3 Kh8) 27. Bxf4 $11 {Be6+! would kill now.} Nf3+ ({But not} 27... Nxg4 $6 28. Be5 $16) 28. Kf1 (28. Bxf3 $11 {was the only way to keep the balance.} Qxc3+ {[%mdl 64] Double Attack} 29. Bd2 Qxa1+ 30. Bd1) 28... Qxc3 $17 ({Inferior is} 28... Nxg1 29. Be5 $16) 29. Kg2 {[#]} (29. Rd1 $17 {might work better.} Rg6 30. Bxh6 Rxh6 31. Bxf3 exf3 32. Qg5) 29... Rxf4 $4 {[%mdl 8192] Accuracy: White = 22%, Black = 35%.} (29... Qxc2 30. Bxf3 exf3+ 31. Kh1 $16) (29... Rg6 $1 $19 {and life is good for Black.} 30. Kh1 h5) 1-0

[Event "European Blitz-ch 2018"]
[Site "Skopje"]
[Date "2018.12.06"]
[Round "5"]
[White "Lagarde, Maxime"]
[Black "Markoja, Boris"]
[Result "1-0"]
[WhiteElo "2616"]
[BlackElo "2430"]
[Annotator "TA"]
[PlyCount "113"]
[EventDate "2018.12.06"]
[EventType "swiss"]
[EventCountry "MKD"]

{[%evp 28,113,0,-5,-2,-2,-7,-17,-25,-20,0,-27,-27,-52,-43,-115,-36,-31,-32,-32,-27,-26,-3,-10,0,-5,0,0,0,0,0,-14,0,0,0,0,0,0,0,-24,0,-29,19,0,58,0,0,0,1,0,8,0,0,0,111,110,99,8,8,8,84,77,481,461,704,693,681,525,441,0,627,616,576,430,537,506,835,817,2387,2487,2474,1466,2611,2937,29982,29983,29982,29983]} 1. e4 c5 2. Nf3 g6 3. d4 cxd4 4. Nxd4 Nc6 5. c4 Nf6 6. Nc3 d6 7. Be2 Nxd4 8. Qxd4 Bg7 9. Be3 O-O {[%cal Bh8f8,Bf8c8,Bc8c5][%mdl 32]} 10. Qd2 a5 {B36: Sicilian: Maroczy Bind: Gurgenidze System} 11. O-O a4 12. Rac1 (12. Bd4 Be6 13. f4 Qa5 14. Rad1 Rac8 15. b3 axb3 16. axb3 b5 17. Bxf6 Bxf6 18. Nxb5 Qxd2 19. Rxd2 Ra8 20. Nc7 Ra3 21. Nxe6 fxe6 {1-0 (58) Yu,Y (2759)-Bu,X (2718) Hangzhou 2018}) 12... Qa5 13. Rfd1 Be6 14. f3 Rfc8 15. Nd5 {LiveBook: 6 Games} (15. h3 {is more complex.} h5 16. b4 axb3 17. axb3 Nd7 18. Rc2) 15... Qxd2 16. Bxd2 Nxd5 17. exd5 Bd7 18. Bc3 Rc5 $146 19. Bb4 Rc7 20. Ba3 Rac8 21. b4 (21. b3 $15) 21... axb3 ({Black should play} 21... Bh6 $1 $17 {[%cal Rh6c1]} 22. Rc2 b5 $1 {[%mdl 512]}) 22. axb3 $15 Ra8 23. Bb4 Ra2 24. Rd2 Rxd2 25. Bxd2 Bd4+ 26. Kf1 Rc8 27. Bc3 Bxc3 28. Rxc3 $11 {[%mdl 4096] Endgame KRB-KRB} Ra8 29. Rc2 Ra3 30. Rb2 Ra1+ 31. Kf2 b6 32. Ke3 Kg7 33. b4 g5 34. g3 f5 35. f4 h6 (35... gxf4+ $11 36. gxf4 (36. Kxf4 Kf6 $11) 36... Kf6) 36. h4 ({White should try} 36. c5 $14 dxc5 37. bxc5 Ra3+ 38. Kf2 bxc5 39. Rb7) 36... Ra3+ 37. Bd3 Kf6 38. Kd4 Ra1 39. hxg5+ hxg5 40. Rh2 Rg1 (40... g4 $11 {remains equal.}) 41. fxg5+ $1 $16 Kxg5 {[#]} 42. Ra2 (42. Rh8 $1 $16) 42... Rxg3 $11 43. Ra7 Be8 (43... Bc8 $11) 44. Rxe7 $16 Bg6 $2 {[%mdl 8192] [#]} (44... Bh5 $16) 45. Re6 $1 $18 Bf7 (45... Rg4+ $142 46. Kc3 Bf7) 46. Rxd6 f4 {and the idea ...f3 leaves Black hopeful.} 47. Rd7 Kf6 {Now ...f3 and Black clings on.} 48. Rd6+ (48. c5 $142 bxc5+ 49. bxc5) 48... Kg5 $1 49. Rxb6 f3 {intending ...f2.} 50. Rb7 Kf6 51. Ra7 f2 (51... Rg4+ $142 52. Ke3 Bxd5 53. cxd5 f2 54. Kxf2 Rxb4) 52. Ra1 Bg6 53. Bxg6 Rg1 54. Ra6+ Kg5 55. Bd3 Rd1 56. Rg6+ Kh5 57. Rf6 {Accuracy: White = 43%, Black = 34%.} 1-0

[Event "European Blitz-ch 2018"]
[Site "Skopje"]
[Date "2018.12.06"]
[Round "5"]
[White "Erdos, Viktor"]
[Black "Timmermans, Mark"]
[Result "1-0"]
[WhiteElo "2605"]
[BlackElo "2375"]
[Annotator "TA"]
[PlyCount "83"]
[EventDate "2018.12.06"]
[EventType "swiss"]
[EventCountry "MKD"]

{[%evp 18,83,36,27,108,12,53,55,56,28,30,23,16,22,93,91,85,70,90,34,137,132,105,133,145,147,613,587,930,580,578,520,475,411,495,480,456,455,764,289,294,279,848,531,524,507,568,497,1123,1091,581,0,637,364,659,472,547,530,1206,1198,1100,1076,1017,527,509,506,451,430]} 1. Nf3 Nf6 2. c4 e6 3. g3 d5 4. Bg2 Be7 5. O-O O-O 6. d4 dxc4 7. Qc2 b5 8. a4 {E05: Open Catalan: 5 Nf3 Be7} b4 9. Nfd2 (9. Ne5 Qxd4 10. Nxc4 c6 11. Rd1 Qc5 12. Be3 Qh5 13. Nbd2 Ng4 14. Nf1 Nxe3 15. Nfxe3 a5 {½-½ (82) Vachier Lagrave,M (2789)-Nakamura,H (2769) Paris 2018}) 9... Nd5 10. Nxc4 {LiveBook: 13 Games. White is slightly better.} a5 $146 (10... c5 $11) ({Predecessor:} 10... Ba6 11. b3 Nd7 12. Bb2 c5 13. e4 N5b6 14. d5 exd5 15. exd5 Nxc4 16. bxc4 {0-1 (115) Ju,W (2567)-Atalik,E (2451) Riadh 2017}) 11. b3 (11. Nbd2 $16) 11... Bb7 12. Bb2 Nd7 13. Nbd2 c5 14. Rfd1 cxd4 15. Bxd4 Bf6 {[#]} (15... Rc8 $11 {remains equal.}) 16. Ne4 $1 $16 {[%cal Re4f6]} Bxd4 17. Rxd4 Qc7 18. Ng5 (18. Ned6 $16) 18... N5f6 ({Black should play} 18... N7f6 $14) 19. Bxb7 Qxb7 {[#]} 20. Rad1 $1 $36 {[%mdl 2048] White is on the roll.} g6 21. Nd6 {[%cal Bc4d6,Bd6f7,Bf7h6][%mdl 32]} Qa6 $2 {[%mdl 8192]} (21... Qa7 $16) 22. Ndxf7 $18 Rac8 23. Qd2 Nc5 24. Nh6+ Kg7 25. Rd6 Qa8 26. Nxe6+ Nxe6 27. Rxe6 Rc7 (27... Qa7 $142 28. Nf5+ gxf5 29. Qg5+ {[%mdl 64] Double Attack} Kh8 30. Rxf6 Qg7 31. Rxf5 Qxg5 32. Rxg5 Rc2 33. Rxa5 Rxe2) 28. Rxf6 $2 (28. Qg5) 28... Rxf6 29. Ng4 Rcf7 $2 (29... Qf8 30. Nxf6 Qxf6) 30. Nxf6 Rxf6 {[%mdl 4096] Endgame KQR-KQR} 31. Qd4 Qf8 32. Rc1 Kg8 (32... Qd6 $142 33. Qa7+ {[%mdl 64] Double Attack} Rf7 34. Qxa5 Re7) 33. Qd5+ Kh8 34. Qd4 Kg8 $1 35. f3 Qe7 $2 (35... Qd6 36. Rc8+ Kg7) 36. Kf2 {White is clearly winning.} Re6 37. Rc2 Re5 38. Rc8+ Kf7 39. Qc4+ Qe6 40. Rc7+ Kf8 41. Qxe6 Rxe6 42. Rc5 {Accuracy: White = 46%, Black = 24%.} 1-0

[Event "European Blitz-ch 2018"]
[Site "Skopje"]
[Date "2018.12.06"]
[Round "5"]
[White "Ivanisevic, Ivan"]
[Black "Galopoulos, Nikolaos"]
[Result "1-0"]
[WhiteElo "2603"]
[BlackElo "2356"]
[Annotator "RC"]
[PlyCount "98"]
[EventDate "2018.12.06"]
[EventType "swiss"]
[EventCountry "MKD"]

{[%evp 19,98,27,28,26,25,22,19,23,25,0,18,-13,116,33,89,82,141,37,127,122,208,213,202,83,143,97,99,83,98,30,22,60,69,61,105,99,125,135,162,147,159,51,62,17,20,26,62,43,58,7,11,0,0,-22,-20,-22,-16,-111,-10,-86,-14,-41,-42,-56,-55,-33,69,53,87,18,140,127,125,104,114,122,105,116,95,0,83]} 1. d4 Nf6 2. Nf3 e6 3. Bf4 c5 4. e3 Nc6 5. c3 d5 6. Nbd2 Bd6 7. Bg3 O-O 8. Bb5 {D02: 1 d4 d5 2 Nf3 sidelines, including 2...Nf6 3 g3 and 2...Nf6 3 Bf4} Ne7 (8... Be7 9. Bd3 b6 10. O-O Bb7 11. h3 Bd6 12. Bh4 Be7 13. Qb1 h6 14. a3 Nh5 15. Bxe7 Qxe7 {½-½ (64) Carlsen,M (2837)-Wang,H (2709) Riadh 2017}) 9. Bd3 cxd4 10. exd4 Nf5 {LiveBook: 3 Games} 11. Qe2 b6 12. Ne5 $146 ({Predecessor:} 12. Bxd6 Nxd6 13. Ne5 Bb7 14. O-O a5 15. Rfe1 a4 {1-0 (24) Kraus,O (2053)-Abreu Suarez,I (2003) Tenerife 2017}) 12... Qc7 13. Bf4 Nd7 14. g4 Ne7 15. Bg3 Re8 {[#]} (15... Bxe5 $11 16. dxe5 Nc5) 16. O-O-O (16. Bxh7+ $1 $16 {[%mdl 512]} Kxh7 17. Nxf7 {[%mdl 64] Discovered Attack (Double check)}) 16... f6 (16... Bxe5 $14 17. dxe5 Nc5) 17. Nef3 $36 {[%mdl 2048] White is on the roll.} Nf8 (17... e5 $142) 18. Kb1 (18. g5 $16) 18... Bd7 (18... h6 $14) 19. g5 $1 Neg6 (19... f5 $16) 20. gxf6 $18 gxf6 21. Qe3 (21. Nh4 $18 {is more deadly.}) 21... Kh8 (21... Bf4 $142) 22. Rhg1 {Hoping for Bxd6.} Bf4 23. Bxf4 (23. Qe2 {seems wilder.} e5 24. dxe5 Bxg3 25. Rxg3 fxe5 26. Bc2) 23... Qxf4 24. Rg3 ({White should try} 24. Bc2 $16) 24... e5 $11 {Threatens to win with ...Qxe3.} 25. dxe5 Qxe3 26. fxe3 fxe5 {White must now prevent ...e4.} 27. Ng5 e4 28. Bc2 Kg7 29. Rf1 Re7 30. Nb3 (30. c4 $16) 30... Ne6 31. Nxe6+ Bxe6 32. Nd4 Bd7 33. Bb3 Re5 34. Rgg1 (34. Rh1 $14) 34... Rf8 35. Rxf8 (35. Rc1 {looks sharper.} Rf2 36. c4 dxc4 37. Bxc4 Rh5 38. Be2) 35... Kxf8 36. Rf1+ Ke7 37. Rf2 Rh5 38. Kc2 (38. Rf1 $11) 38... Rg5 (38... Ne5 $17 {Black wants to play ...Ng4.} 39. h3 (39. Bxd5 Nd3 $17) 39... Nd3) 39. Kd2 (39. c4 $11 {remains equal.}) 39... h5 (39... Ne5 $1 $17 40. h4 (40. Bxd5 Nd3 $17) 40... Rh5) 40. Ne2 (40. c4 {keeps more tension.} dxc4 41. Bxc4 Ne5 42. Bf1 Rg1 43. Rf4) 40... Be6 41. Nf4 Nxf4 42. exf4 $15 {[%mdl 4096] Endgame KRB-KRB} Rf5 (42... Rg1 $15) 43. Ke3 $14 Rf8 {[#]} 44. Rg2 (44. Rd2 $1 $16) 44... Kf6 (44... Rg8 $11 45. Rg5 h4) 45. Rg5 $16 {[%mdl 64] Double Attack} Rg8 46. Rxh5 Rg2 47. Bxd5 Bxd5 48. Rxd5 Rxb2 {[#]} 49. Kxe4 (49. Rd2 $1 $16 {[%cal Rd2b2]} Rb1 50. Kxe4) 49... Rxa2 {Accuracy: White = 23%, Black = 36%.} (49... Rxh2 $11 50. a4 Re2+ 51. Kd3 Ra2) 1-0